Easy General Knowledge Quiz - Statistics

General Stats
  • This quiz has been taken 1,402 times
  • The average score is 5 of 8
Answer Stats
Hint Answer % Correct
What chemical element has an atomic number of 1? Hydrogen
84%
What country is directly north of Mexico? United States
77%
15 x 20 = ? 300
76%
Who painted the Mona Lisa? Leonardo DaVinci
71%
Who was the third president of the United States? Thomas Jefferson
62%
What is the capital of New York? Albany
56%
What is the capital of Colombia? Bogota
55%
Who played Lucy in "I Love Lucy"? Lucille Ball
40%
No matching quizzes found
Score Distribution
Percent of People with Each Score
Percentile by Number Answered
Your Score History
You have not taken this quiz